000 00729cam a22002292 4500
001 0000020075
005 20151217155905.0
008 110628s xx 000 0 eng d
040 _aKABU
_cKABU
100 1 _aPenwill, D. J.
_@0000180152
245 1 0 _aKamba customary law :
_bnotes taken in the Machakos District of Kenya /
_cby D. J. Penwill.
250 _a1st ed.
260 _aNairobi :
_bK. L. B.,
_c1951.
300 _app 33 - 55.
500 _aPhotocopy.
650 0 _aLaws, Kamba.
_@0000180153
650 0 _aCustomary law
_zKenya.
_@0000161214
908 _a110628
950 _@1
999 _c13770
_d13770